000
00273nam a2200109Ia 4500
008
190216s9999||||xx |||||||||||||| ||und||
100
_a
"Mohumn. R, Sharma. M"
245
0
_a
Hindi- Ruus Ki Lokkathiayan
260
_b
Prashanth Prakasan
_c
2010
650
_a
Hindi
942
_c
BK
999
_c
16853
_d
16853